00591 2200193 4500001002100000008004100021035002000062245008900082100004400171250001000215260003900225300003300264020002200297084001600319082001000335650002800345990001200373990001200385INLIS000000000015011 ind  a0010-1222000090 aCukup Gue AjacRamaditya Adikara, Komunitas Cukup Gue;penyunting, Intan Rainy Legita aRAMADITYA, Adikara, Komunitas Cukup Gue acet.1 aSinergi Publishing,bDepok :c2019 avii, 100 hlm.: ilus.c21 cm. a978-602-70068-8-1 a153.8 RAM c a153.8 aPSIKOLOGI.MOTIVASI DIRI a10219 a a10219 b